| 000 | 00452nam a2200169Ia 4500 | ||
|---|---|---|---|
| 008 | 230718s9999 xx 000 0 und d | ||
| 020 | _a9781473695986 | ||
| 041 | _aeng | ||
| 082 |
_a500 _bHAW |
||
| 100 |
_aHawking S. _9118642 |
||
| 245 | _aBrief Answers To The Big Questions | ||
| 260 |
_c2018 _bJohn Murray |
||
| 300 | _a232 | ||
| 365 |
_cRs. _b650.00 |
||
| 700 |
_aHawking S. _9118642 |
||
| 906 |
_dO:0643001-Mar-2019B:499720-Feb-2019 _cGENRL _b143 |
||
| 999 |
_c349725 _d349725 |
||